| 000 | 00872 a2200229 4500 | ||
|---|---|---|---|
| 020 | _c280.00 | ||
| 020 | _c320.00 | ||
| 035 | _a118644 | ||
| 035 | _a118645 | ||
| 037 | _bRP-OS-28 / PANSY-05-06:11 / RP-05-06:ENG | ||
| 082 | 1 | 4 | _a540 |
| 090 |
_c1992 _d1992 |
||
| 100 | 1 | _aAgarwal, O.P. | |
| 245 | 1 |
_aIIT chemistry _bcontaining general, inorganic and organic chemistry for IIT joint entrance, and other engineering entrance examinations _cby O.P. Agarwal, Avinash Agarwal |
|
| 250 | _a117th ed | ||
| 260 |
_aMeerut _bJai Prakasah Nath Publications _c2005 |
||
| 300 |
_av.1-894 p - v.2-1015 p _c24 cm (pbk) |
||
| 700 | _aAgarwal, Avinash | ||
| 942 |
_adpl _cEN _k540 / AGA |
||
| 999 |
_c1959 _d1959 |
||